000
00203nam a2200109Ia 4500
100
_a
MAILER/NORMAN.
942
_c
BK
245
_a
ANCIENT EVENINGS.
260
_b
#N/A
546
_a
ENGLISH
999
_c
31201
_d
31201